First love and other stories = Mối tình đầu và những truyện ngắn khác

保存先:
書誌詳細
第一著者: IVAN TURGENEV
フォーマット: 図書
言語:Undetermined
出版事項: London Everyman's Library 1994
主題:
タグ: タグ追加
タグなし, このレコードへの初めてのタグを付けませんか!
Thư viện lưu trữ: Trung tâm Học liệu Trường Đại học Cần Thơ
LEADER 00584nam a2200181Ia 4500
001 CTU_47265
008 210402s9999 xx 000 0 und d
082 |a 891.733 
082 |b T936f/1994 
100 |a IVAN TURGENEV 
245 0 |a First love and other stories 
245 0 |b = Mối tình đầu và những truyện ngắn khác 
245 0 |c IVAN TURGENEV, Isaiah Berlin, Leonarrd Schapiro 
260 |a London 
260 |b Everyman's Library 
260 |c 1994 
650 |a russian fiction - 19th century 
980 |a Trung tâm Học liệu Trường Đại học Cần Thơ